Представление документа в формате MARC21

Поле Инд. ПП Название Значение
Тип записи a
Библиографический уровень b
001 Контрольный номер RU/IS/BASE/102173807
005 Дата корректировки 20200608194405.5
008 Кодируемые данные 19951116
084 a Индекс другой классификации/Индекс ББК 40.33
097 00 a 750
100 10 a Автор Гаврилова И. П.
100 1_ a Автор Богданова М. Д.
100 1_ a Автор Самонова О. А.
245 00 a Заглавие Опыт площадной оценки степени загрязнения почв России тяжелыми металлами
650 04 a Основная рубрика почвоведение
a Основная рубрика сельское хозяйство
a Основная рубрика экология; почвоведение
a Основная рубрика экология почв
653 00 a Ключевые слова загрязнение почв
a Ключевые слова металлы
a Ключевые слова почвы
a Ключевые слова токсиканты
a Ключевые слова тяжелые металлы
773 00 t Заглавие источника Вестник Московского университета. Серия 17, Почвоведение
d Дата издания источника 1995
g Прочая информация № 1. - С. 48 - 53
w Контрольный № источника RU/IS/BASE/102173639
901 t Тип документа b